Nom latin des villes de Gaule commençant par D,E,F,G,I,J ou L - Statistiques

Statistiques générales
  • Ce quiz a été pris 27 fois
  • Le résultat moyen est 8 sur 22
Statistiques - réponses
Hint Réponse % Correct
Lugdunum Lyon
91%
Lutetia Paris
87%
Durocortorum / Remis Reims
87%
Divio Dijon
74%
Isla Lille
70%
Forum Julii Fréjus
65%
Gratianopolis Grenoble
61%
Dinia Digne-les-Bains
48%
Gesoriacum / Bononia Boulogne-sur-Mer
39%
Glanum Saint-Rémy-de-Provence
26%
Augusta auscorum Auch
22%
Iculisma Angoulême
17%
Divona cadurcorum Cahors
17%
Divodurum Metz
17%
Juliomagus Angers
9%
Lapurdum Bayonne
9%
Indiciacum Saint-Flour
9%
Forum neronis Lodève
4%
Iatinum Meaux
4%
Erbinum Nevers
4%
Limonum Poitiers
4%
Darioritum Vannes
4%
Aucun quiz correspondant
Distribution des résultats
% des personnes avec chaque résultat
Percentile par nombre de réponses
Votre historique - résultats
Vous n’avez pas pris ce quiz